000 00419nam a22001697a 4500
999 _c526080
_d526080
003 NUST
020 _qH/B
038 _awaseem
082 _a891.421
_bSHA
100 _aShami, Asghar
_915450
245 _aGujjay Roog /
_cAsghar Shami
260 _aLahore :
_bZarsham Publications,
_c2002.
300 _a160 p. ;
880 _6100-01\r
_aاصغر شامی
880 _6245-02\r
_aگجھے روگ /
942 _2ddc
_cBK